000 00495nam a2200169Ia 4500
008 240729s9999 xx 000 0 und d
022 _a2052-6458
245 0 _aWildfowl
260 _aUnited Kingdom
260 _bWildfowl & Wetlands Trust
650 _a General. Including nature conservation, geographical distribution
650 _a Natural history (General)
650 _aScience
856 _uhttps://doaj.org/toc/bcae2342bde94e779b81397bff257636
942 _2ddc
942 _cDOAJEJ
999 _c65992
_d65992
945 _a1
_bMadushi Gamage
_c1
_dMadushi Gamage